000 00574nam a2200229Ia 4500
008 190123s9999 xx 000 0 und d
020 _a9780545565400
050 _bC223 2013
100 _aCanizares, Susan
245 0 _aTwo can do it! /
245 0 _cby Susan Canizares and Betsey Chessen.
260 _aNew York, New York :
260 _bScholastic,
260 _c2013
300 _aunpaged :
300 _bcolored illustrations ;
300 _c18cm.
500 _a20L
650 _aSharing in children.
700 _aChessen, Betsey.
700 _aTitle.
999 _c361081
_d361081